000
00326nam a2200121Ia 4500
008
220216s9999 xx 000 0 und d
100
_a
Chakraborty Khirud B
245
0
_a
Sustainable and safer accelerators for the latex industry
260
_b
Rubber India
_c
2010
300
_a
17-32
700
_a
Couchman Roger
942
_c
JS
999
_c
70073
_d
70073